Marketingový komunikačný mix vo vybranej spoločnosti bakalárska práca

Gespeichert in:
Bibliographische Detailangaben
1. Verfasser: Michaličková, Júlia
Körperschaft: Obchodná fakulta EU. Katedra informatiky obchodných firiem
Weitere Verfasser: Škvarčeková, Oľga
Format: Buch
Sprache:Slowakisch
Veröffentlicht: Bratislava 2017
Tags: Tag hinzufügen
Keine Tags, Fügen Sie das erste Tag hinzu!

MARC

LEADER 00000nbm a2200000 4500
001 0232746
005 20171003100801.1
041 0 |a slo 
044 |a SK 
245 1 0 |a Marketingový komunikačný mix vo vybranej spoločnosti  |b bakalárska práca  |c Júlia Michaličková ; školiteľ: Oľga Škvarčeková 
264 1 |a Bratislava  |c 2017 
300 |a 45 s. 
100 1 |a Michaličková, Júlia 
700 1 |a Škvarčeková, Oľga 
710 2 |a Obchodná fakulta EU. Katedra informatiky obchodných firiem